000 00528nam a2200205 a 4500
001 1252
003 CO-ViMGA
008 141112s2004 ck r 000 u spa d
040 _aCO-ViMGA
_bspa
_cCO-ViMGA
082 0 4 _a891.85 S453
245 1 0 _aIsaac B. Singer 1938
250 _a14a
260 _aBarcelona :
_bPlaneta,
_c1988
300 _a851 p
490 _aObras selectas de premio novel
650 1 4 _aLa casa de jampol
_949400
650 1 4 _aNOVELA POLACA
_96314
650 1 4 _aUn amigo de Kafka
_949401
942 _2ddc
_cBK
999 _c13472
_d13472